| 000 | 00383nam a2200157Ia 4500 | ||
|---|---|---|---|
| 008 | 210210b1976 xxu||||| |||| 00| 0 eng d | ||
| 082 | _a531 PRAR | ||
| 100 | _aSATYA PRAKASH. | ||
| 245 | _aRelativistic mechanics. | ||
| 250 | _a | ||
| 260 |
_aMeerut _bPragati Prakashan _c1976 |
||
| 300 | _avii,428 | ||
| 650 | _aRelativistic Mechanics | ||
| 690 | _aMechanics | ||
| 906 | _aSG01015 | ||
| 999 |
_c112139 _d112139 |
||